000 00386cam a22001217a 4500
008 180718b1983 xxu||||| |||| 00| 0 eng d
082 _aAPPPA 82-83 JAI
100 _aJain, Deepa
245 _aRural development in India: a tragedy of errors
_cby Deepa Jain
260 _aNew Delhi
_bIndian Institute of Public Administration
_c1983
300 _a165+p.
650 _aRural development-India
999 _c501295
_d501295